[Event "2.BLW 1617 Aachener SV - SV Würselen"]
[Site "?"]
[Date "2016.11.20"]
[Round "2.6"]
[White "Klein, Felix"]
[Black "Docx, Stefan"]
[Result "1-0"]
[WhiteElo "2321"]
[BlackElo "2401"]
[PlyCount "93"]
[EventDate "2016.??.??"]

1. e4 e5 2. Nf3 Nc6 3. Bb5 a6 4. Ba4 Nf6 5. O-O b5 6. Bb3 Bb7 7. d3 Be7 8. Nc3
O-O 9. a3 Nd4 10. Nxd4 exd4 11. Ne2 c5 12. Ng3 d5 13. e5 Nd7 14. f4 c4 15. Ba2
f5 16. Bd2 Rc8 17. Bb4 Nc5 18. Bxc5 Bxc5 19. Qe2 Qe7 20. Rae1 g6 21. Nh1 a5 22.
Nf2 c3 23. b4 axb4 24. axb4 Bxb4 25. g4 Ra8 26. Bb3 Qe6 27. g5 Ra3 28. Kg2 Rc8
29. Rb1 Bf8 30. Nh3 b4 31. Ng1 Bc6 32. Nf3 Bc5 33. h4 Rca8 34. h5 Ba4 35. Bxa4
R8xa4 36. hxg6 hxg6 37. Rh1 Ra7 38. Kg3 Rg7 39. Qh2 Kf7 40. Qh8 b3 41. Qb8 b2
42. Rh8 Ra1 43. Nxd4 Rxb1 44. Nxe6 Rg1+ 45. Kh2 Kxe6 46. Qc8+ Rd7 47. Qc6+ 1-0

[Event "2.BLW 1617 Aachener SV - SV Würselen"]
[Site "?"]
[Date "2016.11.20"]
[Round "2.7"]
[White "Beukema, Stefan"]
[Black "Begnis, Nikolaos"]
[Result "1-0"]
[WhiteElo "2375"]
[BlackElo "2304"]
[PlyCount "69"]
[EventDate "2016.??.??"]

1. e4 c5 2. Nf3 Nc6 3. d4 cxd4 4. Nxd4 Nf6 5. Nc3 d6 6. f4 e5 7. Nb3 Be7 8. Be2
O-O 9. O-O a5 10. a4 Nb4 11. Kh1 Be6 12. f5 Bd7 13. Bg5 Bc6 14. Bxf6 Bxf6 15.
Nd5 Bxd5 16. exd5 Qb6 17. c3 Na6 18. Bxa6 Qxa6 19. Qg4 Rfc8 20. Nd2 Kf8 21. Ne4
Ke7 22. b3 Qd3 23. Rfd1 Qc2 24. Rab1 b5 25. axb5 a4 26. b6 Rcb8 27. Nxf6 gxf6
28. Qc4 Rb7 29. Qc6 Rab8 30. Rdc1 axb3 31. Rxc2 bxc2 32. Rc1 Rxb6 33. Qa4 Rb2
34. h3 R8b5 35. Rxc2 1-0

[Event "2.BLW 1617 Aachener SV - SV Würselen"]
[Site "?"]
[Date "2016.11.20"]
[Round "2.8"]
[White "Meessen, Rudolf"]
[Black "Sarrau, Jelle"]
[Result "1/2-1/2"]
[WhiteElo "2297"]
[BlackElo "2372"]
[PlyCount "28"]
[EventDate "2016.??.??"]

1. d4 Nf6 2. Bg5 d5 3. e3 c5 4. Bxf6 gxf6 5. dxc5 e6 6. c4 dxc4 7. Qxd8+ Kxd8
8. Bxc4 Bxc5 9. Nf3 Nc6 10. Nc3 Bd7 11. O-O Ke7 12. a3 Ne5 13. Nxe5 fxe5 14.
Bb5 Bxb5 {(=)} 1/2-1/2

[Event "2.BLW 1617 SG Köln Porz - Hansa Dortmun"]
[Site "?"]
[Date "2016.11.20"]
[Round "2.1"]
[White "Mainka, Romuald"]
[Black "Van Wely, Loek"]
[Result "0-1"]
[WhiteElo "2398"]
[BlackElo "2685"]
[PlyCount "102"]
[EventDate "2016.??.??"]

1. e4 c5 2. Nf3 Nc6 3. Bb5 g6 4. O-O Bg7 5. Bxc6 bxc6 6. Re1 Nh6 7. c3 O-O 8.
d4 cxd4 9. cxd4 f6 10. h3 Nf7 11. Nc3 d6 12. Be3 Bb7 13. d5 c5 14. Ne2 Qe8 15.
Nf4 Nd8 16. Bd2 a5 17. a4 Qf7 18. Qb3 Bc8 19. Rad1 h6 20. Qc2 g5 21. Ne2 f5 22.
e5 dxe5 23. Bc3 e4 24. Ne5 Bxe5 25. Bxe5 Nb7 26. Nc3 Bd7 27. Nb5 Bxb5 28. axb5
Rfd8 29. Bc7 Rxd5 30. Rxd5 Qxd5 31. Rd1 Qe6 32. b6 Kf7 33. Qe2 a4 34. Qh5+ Kg7
35. Qe2 Kg6 36. Qb5 Kf7 37. Qe2 Kg6 38. Qb5 Kf7 39. Qe2 a3 40. bxa3 Rxa3 41.
Qh5+ Kg7 42. Rb1 Ra2 43. Re1 Rd2 44. Qe8 f4 45. Qa4 c4 46. Qa8 Kf7 47. Qh8 e3
48. Qh7+ Ke8 49. f3 Kd7 50. Qb1 Qd5 51. Kf1 c3 0-1

[Event "2.BLW 1617 SG Köln Porz - Hansa Dortmun"]
[Site "?"]
[Date "2016.11.20"]
[Round "2.3"]
[White "Kalka, Arkadius Georg"]
[Black "Khenkin, Igor"]
[Result "0-1"]
[WhiteElo "2333"]
[BlackElo "2563"]
[PlyCount "151"]
[EventDate "2016.??.??"]

1. Nf3 d5 2. c4 d4 3. b4 Bg4 4. Bb2 Bxf3 5. exf3 e5 6. c5 a5 7. a3 Be7 8. Bc4
Nf6 9. O-O O-O 10. Re1 axb4 11. axb4 Rxa1 12. Bxa1 b6 13. cxb6 cxb6 14. b5 Nbd7
15. d3 Bd6 16. Nd2 Qc7 17. Nb3 Bb4 18. Re2 Qd6 19. f4 Bc3 20. Bxc3 dxc3 21. Qe1
exf4 22. Qxc3 f3 23. gxf3 Qf4 24. Qd4 Qxf3 25. Re3 Qf5 26. h3 h5 27. Qd6 h4 28.
Nd4 Qg5+ 29. Kh2 Ra8 30. Nf3 Qf5 31. Qe7 Rf8 32. Kg2 Nd5 33. Bxd5 Qxd5 34. Qxh4
Qxb5 35. Ng5 Nf6 36. Rf3 Qd5 37. Ne4 Nxe4 38. dxe4 Qe6 39. Rf5 Re8 40. Kf3 Qb3+
41. Kg2 Qc4 42. Rf4 b5 43. Qg4 Re6 44. Qd1 Rf6 45. Kf3 Qc3+ 46. Ke2 Qc7 47. Rf3
b4 48. Rb3 Rd6 49. Rd3 Qc4 50. Ke3 Qc5+ 51. Ke2 Qc4 52. Ke3 Qc5+ 53. Ke2 Qb5
54. Ke3 Qb6+ 55. Ke2 Rxd3 56. Qxd3 b3 57. f4 b2 58. Qb1 Qb3 59. Kd2 Qxh3 60.
Qxb2 Qh2+ 61. Kc3 Qxf4 62. Qg2 g5 63. Kd4 Kg7 64. Kd5 f6 65. Qb2 g4 66. Qb7+
Kg6 67. Qa8 Kg5 68. Qg8+ Kh4 69. Qh7+ Kg3 70. Ke6 Qe5+ 71. Kd7 Kf2 72. Qh1 g3
73. Qb1 Qd4+ 74. Ke6 g2 75. Qc2+ Kf3 76. Qb3+ 0-1

[Event "2.BLW 1617 SG Köln Porz - Hansa Dortmun"]
[Site "?"]
[Date "2016.11.20"]
[Round "2.4"]
[White "Bok, Benjamin"]
[Black "Ackermann, Hans Werner"]
[Result "1-0"]
[WhiteElo "2597"]
[BlackElo "2340"]
[PlyCount "129"]
[EventDate "2016.??.??"]

1. d4 d6 2. Nf3 Nf6 3. c4 g6 4. g3 Bg7 5. Bg2 O-O 6. Nc3 Nbd7 7. O-O e5 8. e4
Re8 9. Be3 exd4 10. Nxd4 a6 11. h3 Ne5 12. b3 Bd7 13. a4 Qc8 14. Kh2 Rb8 15.
Rc1 Nc6 16. Nde2 Nb4 17. Nf4 b6 18. Re1 a5 19. Nfd5 Bc6 20. Bd4 Bxd5 21. cxd5
Nd7 22. Bxg7 Kxg7 23. Qd4+ f6 24. Nb5 Nc5 25. Rc3 Qd8 26. Re2 Qe7 27. f4 Rbd8
28. Rce3 Qf7 29. e5 dxe5 30. fxe5 fxe5 31. Rxe5 Rxe5 32. Qxe5+ Qf6 33. Qxc7+
Rd7 34. d6 Nba6 35. Qxb6 h5 36. Qxa5 h4 37. Qe1 Nd3 38. Re7+ Rxe7 39. Qxe7+
Qxe7 40. dxe7 Kf7 41. Be4 Ne5 42. gxh4 Kxe7 43. Kg3 Nc5 44. Kf4 Kf6 45. Nd4 Nf7
46. Bc2 Na6 47. Nc6 Nc7 48. b4 Nd6 49. Bb3 Na6 50. b5 Nc5 51. Bc2 Ne6+ 52. Ke3
Nc7 53. Bd3 g5 54. hxg5+ Kxg5 55. Kd4 Nb7 56. a5 Ne6+ 57. Kc4 Kf6 58. Bf1 Nd6+
59. Kb4 Nf4 60. a6 Nc8 61. a7 Nd5+ 62. Ka5 Ndb6 63. Ka6 Ke6 64. Be2 Kd6 65. Bg4
1-0

[Event "2.BLW 1617 SG Köln Porz - Hansa Dortmun"]
[Site "?"]
[Date "2016.11.20"]
[Round "2.5"]
[White "Kotter, Ralf"]
[Black "Korneev, Oleg"]
[Result "1/2-1/2"]
[WhiteElo "2358"]
[BlackElo "2582"]
[PlyCount "100"]
[EventDate "2016.??.??"]

1. e4 c5 2. Nf3 e6 3. d4 cxd4 4. Nxd4 Nc6 5. Nc3 a6 6. Be3 Nf6 7. Bd3 Qc7 8.
Nxc6 bxc6 9. f4 d5 10. e5 Nd7 11. Na4 c5 12. c4 d4 13. Bd2 Bb7 14. O-O Qc6 15.
Rf2 f5 16. Be2 Be7 17. Bf3 Qc7 18. Bxb7 Qxb7 19. b3 O-O 20. Qe2 a5 21. Rf3 Nb6
22. Nxb6 Qxb6 23. a4 g6 24. Raf1 Qc6 25. Rd3 Qe4 26. Re1 Qxe2 27. Rxe2 Kf7 28.
g3 h6 29. Rg2 g5 30. Kf1 Rg8 31. Ke2 gxf4 32. Bxf4 Bg5 33. Rf2 h5 34. Bxg5 Rxg5
35. Rf4 Rh8 36. Kf2 h4 37. gxh4 Rg4 38. Rxg4 fxg4 39. Kg3 Rh5 40. Kxg4 Rxe5 41.
h5 Kg7 42. Rd2 Kh6 43. Kf4 Re1 44. Rg2 d3 45. Kf3 e5 46. Rd2 e4+ 47. Kf2 Rc1
48. Ke3 Re1+ 49. Kf2 Rh1 50. Ke3 Re1+ 1/2-1/2

[Event "2.BLW 1617 SG Köln Porz - Hansa Dortmun"]
[Site "?"]
[Date "2016.11.20"]
[Round "2.6"]
[White "Reinderman, Dimitri"]
[Black "Berndt, Joachim"]
[Result "1-0"]
[WhiteElo "2570"]
[BlackElo "2139"]
[PlyCount "67"]
[EventDate "2016.??.??"]

1. c4 Nf6 2. Nc3 g6 3. e4 d6 4. d4 Bg7 5. Nf3 O-O 6. Be2 e5 7. O-O exd4 8. Nxd4
Re8 9. f3 c6 10. Kh1 Nbd7 11. Bg5 h6 12. Bh4 a6 13. Rc1 Nc5 14. Rc2 Ne6 15.
Nxe6 Bxe6 16. Rd2 g5 17. Bg3 d5 18. cxd5 cxd5 19. exd5 Bd7 20. Bd3 Qa5 21. Qb1
Rac8 22. Rfd1 Nh5 23. Bf2 Nf4 24. Bh7+ Kh8 25. Bf5 Bxf5 26. Qxf5 Kg8 27. h4 Qd8
28. d6 Re5 29. Qxc8 Qxc8 30. d7 Qd8 31. Bb6 Qxb6 32. d8=Q+ Qxd8 33. Rxd8+ Kh7
34. R8d7 1-0

[Event "2.BLW 1617 SG Köln Porz - Hansa Dortmun"]
[Site "?"]
[Date "2016.11.20"]
[Round "2.7"]
[White "Burchert, Wolfgang"]
[Black "Van Den Doel, Erik"]
[Result "0-1"]
[WhiteElo "2103"]
[BlackElo "2574"]
[PlyCount "40"]
[EventDate "2016.??.??"]

1. e4 e5 2. Nf3 Nc6 3. c3 d5 4. Qa4 Nf6 5. Nxe5 Bd6 6. Nxc6 bxc6 7. d4 Nxe4 8.
Be3 O-O 9. Nd2 Nxd2 10. Kxd2 Rb8 11. b3 Bd7 12. Bd3 a5 13. Ba6 c5 14. Qxa5 cxd4
15. Bxd4 Ra8 16. b4 c5 17. Qxd8 Rfxd8 18. b5 cxd4 19. cxd4 Bc8 20. Bxc8 Rdxc8
0-1

[Event "2.BLW 1617 SG Köln Porz - Hansa Dortmun"]
[Site "?"]
[Date "2016.11.20"]
[Round "2.8"]
[White "Lutz, Christopher"]
[Black "Linker, Walter"]
[Result "1-0"]
[WhiteElo "2533"]
[BlackElo "2105"]
[PlyCount "51"]
[EventDate "2016.??.??"]

1. e4 e5 2. Nf3 Nc6 3. Bb5 a6 4. Ba4 d6 5. c3 Be7 6. d4 Bd7 7. O-O Nf6 8. Re1
b5 9. Bc2 O-O 10. Nbd2 Bg4 11. h3 Bh5 12. d5 Nb8 13. Nf1 c6 14. dxc6 Nxc6 15.
Ng3 Bxf3 16. Qxf3 g6 17. Bh6 Re8 18. Rad1 Kh8 19. Bb3 Ng8 20. Bc1 f6 21. h4 Qd7
22. h5 Nd8 23. hxg6 hxg6 24. Nf5 Bf8 25. Rd3 Ra7 26. Qg4 1-0

[Event "2.BLW 1617 SF Katernberg - SG Solingen"]
[Site "?"]
[Date "2016.11.20"]
[Round "2.1"]
[White "Handke, Florian"]
[Black "Tomic, Bosko"]
[Result "1/2-1/2"]
[WhiteElo "2514"]
[BlackElo "2460"]
[PlyCount "107"]
[EventDate "2016.??.??"]

1. e4 c5 2. Nf3 d6 3. d4 cxd4 4. Nxd4 Nf6 5. Nc3 Nc6 6. Bg5 Bd7 7. f4 Qb6 8.
Nb3 Ng4 9. Qe2 Nd4 10. Qd2 Nxb3 11. axb3 Qe3+ 12. Qxe3 Nxe3 13. Kd2 Nxf1+ 14.
Rhxf1 h6 15. Bh4 e6 16. b4 d5 17. exd5 Bxb4 18. dxe6 fxe6 19. Bf2 Bb5 20. Rfe1
O-O 21. Rxa7 Rfd8+ 22. Kc1 Bxc3 23. bxc3 Rxa7 24. Bxa7 Ra8 25. Re5 Bc6 26. Bd4
Kf7 27. f5 exf5 28. Rxf5+ Kg6 29. Rf4 h5 30. g3 Ra5 31. Rf8 Rf5 32. Rg8 Rf7 33.
c4 Kh7 34. Rc8 Kg6 35. Rg8 Kh7 36. Ra8 Kg6 37. h4 Kf5 38. Rg8 g6 39. Kd2 Rd7
40. c3 Rd6 41. c5 Re6 42. Be3 Re8 43. Rg7 Rd8+ 44. Bd4 Rd7 45. Rg8 Re7 46. Be3
Rd7+ 47. Ke2 Bb5+ 48. Kf2 Bc4 49. Re8 Bf7 50. Rf8 Ke4 51. Bd4 Kd3 52. g4 Bd5
53. Kg3 Rf7 54. Rxf7 1/2-1/2

[Event "2.BLW 1617 SF Katernberg - SG Solingen"]
[Site "?"]
[Date "2016.11.20"]
[Round "2.2"]
[White "Pijpers, Arthur"]
[Black "Wegerle, Joerg"]
[Result "0-1"]
[WhiteElo "2465"]
[BlackElo "2434"]
[PlyCount "106"]
[EventDate "2016.??.??"]

1. e4 e5 2. Nf3 Nf6 3. Nxe5 d6 4. Nf3 Nxe4 5. d4 Nf6 6. Bd3 Be7 7. O-O O-O 8.
c4 Bg4 9. h3 Bh5 10. Nc3 Nc6 11. g4 Bg6 12. Bxg6 hxg6 13. Re1 Re8 14. d5 Nb8
15. Ng5 Nbd7 16. f4 Nf8 17. Kg2 Qd7 18. Qf3 c6 19. dxc6 bxc6 20. Be3 d5 21.
cxd5 Nxd5 22. Nge4 f5 23. Nxd5 cxd5 24. Nf2 Bh4 25. Rad1 Rad8 26. Re2 Bxf2 27.
Bxf2 Re4 28. Rxe4 fxe4 29. Qg3 Qa4 30. Rd4 Qxa2 31. f5 Qxb2 32. Qe5 gxf5 33.
gxf5 Qb3 34. Qf4 Rd7 35. h4 a5 36. h5 Rf7 37. Qg4 Qf3+ 38. Qxf3 exf3+ 39. Kxf3
Rxf5+ 40. Kg3 Ne6 41. Ra4 Rxh5 42. Rxa5 Kf7 43. Be3 Kf6 44. Ra6 Ke5 45. Ba7 Rh8
46. Kf3 Rh3+ 47. Kg4 Rb3 48. Bf2 Rb4+ 49. Kf3 Ng5+ 50. Ke3 Ne4 51. Be1 Rb3+ 52.
Ke2 g5 53. Rg6 d4 0-1

[Event "2.BLW 1617 SF Katernberg - SG Solingen"]
[Site "?"]
[Date "2016.11.20"]
[Round "2.3"]
[White "Schroeder, Kevin"]
[Black "Admiraal, Miguoel"]
[Result "1/2-1/2"]
[WhiteElo "2282"]
[BlackElo "2448"]
[PlyCount "213"]
[EventDate "2016.??.??"]

1. d4 d5 2. c4 e6 3. Nc3 a6 4. cxd5 exd5 5. Nf3 c6 6. Bf4 Bd6 7. Bxd6 Qxd6 8.
e3 Bf5 9. Bd3 Bxd3 10. Qxd3 Nf6 11. O-O O-O 12. Ne5 Re8 13. f4 Qe6 14. g4 Nfd7
15. g5 Nxe5 16. fxe5 Nd7 17. Rf4 Qg6 18. Qxg6 hxg6 19. Kh1 f6 20. gxf6 gxf6 21.
Rg4 Nf8 22. e4 fxe5 23. exd5 exd4 24. Rxd4 Rad8 25. Rad1 c5 26. Rg4 Kg7 27. b4
Re3 28. Na4 cxb4 29. Rxb4 b5 30. Nc5 Re2 31. a3 g5 32. Rb3 Rd6 33. Rbd3 Rh6 34.
h3 Rd6 35. Nb3 Ng6 36. Nd4 Re5 37. Nc6 Rf5 38. Nd4 Re5 39. Nc6 Re4 40. Nd4 Kf6
41. Ne6 Re5 42. Rf3+ Ke7 43. Rfd3 Kf6 44. Rf3+ Rf5 45. Rxf5+ Kxf5 46. Rg1 Nf4
47. Rxg5+ Kf6 48. Rg8 Nxd5 49. Ng5 Rc6 50. h4 Kf5 51. Kh2 Nf6 52. Nf3 Kf4 53.
Nd4 Rd6 54. Rf8 Kg4 55. Kg2 Rb6 56. Nf3 a5 57. Ne5+ Kxh4 58. Kf3 Kg5 59. Ra8
Kf5 60. Nd3 Rd6 61. Nc1 Rd1 62. Rxa5 Rxc1 63. Rxb5+ Ke6 64. a4 Ra1 65. a5 Nd5
66. Kf2 Ra2+ 67. Kg3 Ke5 68. Rb8 Rxa5 69. Re8+ Kf5 70. Kf2 Ra3 71. Rd8 Nf6 72.
Ke2 Ng4 73. Rd4 Ne5 74. Rb4 Rh3 75. Ra4 Nc6 76. Kf2 Ke5 77. Kg2 Rb3 78. Rh4 Nd4
79. Rh5+ Nf5 80. Rh3 Rb2+ 81. Kf3 Nd4+ 82. Kg4 Ke4 83. Rh4 Nf5 84. Rh1 Rg2+ 85.
Kh3 Rg3+ 86. Kh2 Rg8 87. Re1+ Ne3 88. Rg1 Rh8+ 89. Kg3 Rg8+ 90. Kh2 Ng4+ 91.
Kh3 Kf3 92. Kh4 Rg7 93. Rf1+ Nf2 94. Kh5 Rg2 95. Ra1 Kf4 96. Ra8 Ne4 97. Rf8+
Ke5 98. Re8+ Kf5 99. Rf8+ Nf6+ 100. Kh4 Rg6 101. Kh3 Kf4 102. Rf7 Kf3 103. Kh4
Rg4+ 104. Kh3 Rf4 105. Ra7 Nd5 106. Ra1 Ne3 107. Rf1+ 1/2-1/2

[Event "2.BLW 1617 SF Katernberg - SG Solingen"]
[Site "?"]
[Date "2016.11.20"]
[Round "2.4"]
[White "Ris, Robert"]
[Black "Schaefer, Markus"]
[Result "1/2-1/2"]
[WhiteElo "2415"]
[BlackElo "2401"]
[PlyCount "41"]
[EventDate "2016.??.??"]

1. e4 e6 2. d4 d5 3. Nc3 Nf6 4. e5 Nfd7 5. f4 c5 6. Nf3 Nc6 7. Be3 Be7 8. Qd2
O-O 9. dxc5 Bxc5 10. O-O-O Qa5 11. a3 a6 12. Bxc5 Qxc5 13. Bd3 f6 14. exf6 Nxf6
15. Ne2 Kh8 16. c3 Bd7 17. Ned4 Nxd4 18. Nxd4 Rae8 19. Rde1 Qd6 20. g3 e5 21.
fxe5 1/2-1/2

[Event "2.BLW 1617 SF Katernberg - SG Solingen"]
[Site "?"]
[Date "2016.11.20"]
[Round "2.5"]
[White "Schlecht, Daniel"]
[Black "Kevlishvili, Robby"]
[Result "1/2-1/2"]
[WhiteElo "2368"]
[BlackElo "2416"]
[PlyCount "43"]
[EventDate "2016.??.??"]

1. d4 d5 2. c4 c6 3. Nf3 Nf6 4. Nc3 e6 5. e3 Nbd7 6. Bd3 dxc4 7. Bxc4 b5 8. Bd3
a6 9. e4 c5 10. e5 cxd4 11. Nxb5 axb5 12. exf6 gxf6 13. O-O Qb6 14. Qe2 Bb7 15.
Bxb5 Ra5 16. a4 Rg8 17. Bf4 Bd6 18. Bg3 f5 19. Nxd4 Rxg3 20. hxg3 Qxd4 21. Rad1
Qb6 22. b4 1/2-1/2

[Event "2.BLW 1617 SF Katernberg - SG Solingen"]
[Site "?"]
[Date "2016.11.20"]
[Round "2.6"]
[White "Siebrecht, Sebastian"]
[Black "Hobusch, Jan"]
[Result "0-1"]
[WhiteElo "2445"]
[BlackElo "2241"]
[PlyCount "81"]
[EventDate "2016.??.??"]

1. c4 c6 2. Nf3 d5 3. e3 Nf6 4. Qc2 e6 5. b3 Bd6 6. Bb2 O-O 7. d4 Nbd7 8. Nbd2
Qe7 9. Ne5 Ba3 10. Bd3 Bxb2 11. Qxb2 Nxe5 12. dxe5 Nd7 13. O-O b6 14. e4 dxc4
15. Bxc4 Bb7 16. Rae1 Qc5 17. Nf3 Rad8 18. Re3 Qe7 19. b4 a6 20. Qa3 b5 21. Be2
c5 22. bxc5 Nxc5 23. Qb4 Rfe8 24. Rc1 Na4 25. Qb1 Rc8 26. Bd1 Rxc1 27. Qxc1 Rc8
28. Qd2 Nb6 29. Be2 Qc7 30. Bf1 h6 31. Re1 Nc4 32. Bxc4 Qxc4 33. Qd7 Qc7 34.
Qd3 Rd8 35. Qb3 Qc4 36. Qe3 Rd3 37. Qb6 Bxe4 38. Qxa6 Qc3 39. Rf1 Rxf3 40. Qxb5
Rf5 41. h4 0-1

[Event "2.BLW 1617 SF Katernberg - SG Solingen"]
[Site "?"]
[Date "2016.11.20"]
[Round "2.7"]
[White "Michalczak, Thomas"]
[Black "Scholz, Christian"]
[Result "0-1"]
[WhiteElo "2265"]
[BlackElo "2369"]
[PlyCount "96"]
[EventDate "2016.??.??"]

1. e4 d6 2. d4 Nf6 3. Nc3 e5 4. dxe5 dxe5 5. Qxd8+ Kxd8 6. Bc4 Ke8 7. Nf3 Bd6
8. Bg5 c6 9. O-O-O Bc7 10. a4 Nbd7 11. Rd2 h6 12. Bh4 Ke7 13. Rhd1 Re8 14. h3
Nb6 15. Bb3 Be6 16. a5 Nbd7 17. Bxe6 Kxe6 18. Na4 g5 19. Bg3 b5 20. axb6 axb6
21. b3 b5 22. Nc3 Nc5 23. Kb2 Ncxe4 24. Re2 Nxc3 25. Kxc3 Nd5+ 26. Kb2 Ra2+ 27.
Kxa2 Nc3+ 28. Ka3 Nxe2 29. Bh2 Ra8+ 30. Kb2 Ra2+ 31. Kxa2 Nc3+ 32. Ka3 Nxd1 33.
Kb4 Bd6+ 34. Ka5 Kd5 35. c4+ bxc4 36. bxc4+ Kxc4 37. Bxe5 Bf8 38. Kb6 Kd5 39.
Bd4 c5 40. Bf6 Nxf2 41. Ne5 Ke6 42. Bh8 f6 43. Nc4 Nd3 44. g3 Ne5 45. Nxe5 Kxe5
46. Kb5 Kf5 47. g4+ Kg6 48. Kc4 Be7 0-1

[Event "2.BLW 1617 SF Katernberg - SG Solingen"]
[Site "?"]
[Date "2016.11.20"]
[Round "2.8"]
[White "Hoolt, Sarah"]
[Black "Berg, Michael"]
[Result "1-0"]
[WhiteElo "2371"]
[BlackElo "2339"]
[PlyCount "59"]
[EventDate "2016.??.??"]

1. e4 c6 2. d4 d5 3. f3 e6 4. Nc3 Nf6 5. e5 Nfd7 6. f4 c5 7. Nf3 Nc6 8. Be3 a6
9. Qd2 b5 10. a3 c4 11. Be2 Ne7 12. Bf2 Qc7 13. Nd1 Nb6 14. b3 Bd7 15. Ne3 Nf5
16. Nxf5 exf5 17. O-O Be6 18. Ng5 Be7 19. Bh4 O-O 20. Qa5 Bd8 21. Qe1 cxb3 22.
cxb3 Qc2 23. Rf3 Rc8 24. Nxh7 Kxh7 25. Rh3 Kg8 26. Bf6 Bxf6 27. exf6 Qe4 28.
Qf2 Rc2 29. Re1 Rfc8 30. Qh4 1-0

[Event "2.BLW 1617 SV Hofheim - SV Mülheim Nord"]
[Site "?"]
[Date "2016.11.20"]
[Round "2.1"]
[White "Zelbel, Patrick"]
[Black "Schroeder, Jan-Christian"]
[Result "0-1"]
[WhiteElo "2457"]
[BlackElo "2521"]
[PlyCount "84"]
[EventDate "2016.??.??"]

1. e4 c5 2. c3 Nf6 3. e5 Nd5 4. Nf3 d6 5. d4 cxd4 6. Qxd4 e6 7. Nbd2 Nc6 8. Bb5
Bd7 9. Bxc6 Bxc6 10. Nc4 f6 11. Nxd6+ Bxd6 12. exd6 e5 13. Qc5 Qb6 14. Qc4
O-O-O 15. O-O Rxd6 16. a4 Kb8 17. b4 Rc8 18. Qd3 Rcd8 19. a5 Qa6 20. Qxa6 bxa6
21. c4 Nc3 22. c5 Bxf3 23. gxf3 Rd4 24. Kg2 Rxb4 25. Be3 Kb7 26. Rac1 Nd5 27.
Rfd1 Kc6 28. Kg3 Rb2 29. h4 g6 30. Rd3 Rdb8 31. Rxd5 Kxd5 32. Rd1+ Kc4 33. Rd6
f5 34. f4 exf4+ 35. Kxf4 Kb5 36. Rd7 Rb4+ 37. Ke5 Re8+ 38. Kd6 Rc4 39. f4 h5
40. Rxa7 Rd8+ 41. Kc7 Re8 42. Rb7+ Ka4 0-1

[Event "2.BLW 1617 SV Hofheim - SV Mülheim Nord"]
[Site "?"]
[Date "2016.11.20"]
[Round "2.2"]
[White "Ginsburg, Gennadi"]
[Black "Dinstuhl, Volkmar"]
[Result "1-0"]
[WhiteElo "2466"]
[BlackElo "2409"]
[PlyCount "63"]
[EventDate "2016.??.??"]

1. e4 g6 2. d4 Bg7 3. Nf3 d6 4. Nc3 Nf6 5. h3 O-O 6. Be3 a6 7. a4 Nc6 8. Bc4 e6
9. O-O b6 10. Bg5 h6 11. Bh4 g5 12. Bg3 Bb7 13. Re1 d5 14. exd5 exd5 15. Bd3
Bc8 16. Qd2 Be6 17. Bf1 Ne4 18. Nxe4 dxe4 19. Rxe4 Bd5 20. Re3 Bxf3 21. Rxf3
Nxd4 22. Rd3 c5 23. c3 c4 24. Rxd4 Bxd4 25. cxd4 Qd5 26. h4 b5 27. hxg5 hxg5
28. Be2 Rad8 29. axb5 axb5 30. Bf3 Qxd4 31. Qxg5+ Qg7 32. Qxb5 1-0

[Event "2.BLW 1617 SV Hofheim - SV Mülheim Nord"]
[Site "?"]
[Date "2016.11.20"]
[Round "2.3"]
[White "Warmerdam, Max"]
[Black "Lobzhanidze, Davit"]
[Result "0-1"]
[WhiteElo "2364"]
[BlackElo "2435"]
[PlyCount "64"]
[EventDate "2016.??.??"]

1. e4 e5 2. Nf3 Nc6 3. Bb5 a6 4. Ba4 Nf6 5. O-O Be7 6. Re1 b5 7. Bb3 d6 8. c3
O-O 9. h3 Nb8 10. d4 Nbd7 11. Nbd2 Bb7 12. Bc2 Re8 13. a4 Bf8 14. b4 Nb6 15. a5
Nbd7 16. Bb2 g6 17. c4 bxc4 18. Nxc4 exd4 19. Qxd4 Bg7 20. Rab1 Re7 21. Ncd2
Qf8 22. Qc4 Rc8 23. Bb3 Nh5 24. Ba4 Bxb2 25. Rxb2 Qg7 26. Rc2 Ne5 27. Nxe5 Rxe5
28. Nf3 d5 29. exd5 Rxe1+ 30. Nxe1 Qa1 31. Rc1 Qxa4 32. d6 cxd6 0-1

[Event "2.BLW 1617 SV Hofheim - SV Mülheim Nord"]
[Site "?"]
[Date "2016.11.20"]
[Round "2.4"]
[White "Gurevich, Vladimir"]
[Black "Beerdsen, Thomas"]
[Result "0-1"]
[WhiteElo "2475"]
[BlackElo "2402"]
[PlyCount "72"]
[EventDate "2016.??.??"]

1. e4 e5 2. Nf3 Nc6 3. Bc4 Nf6 4. d3 h6 5. O-O d6 6. c3 g5 7. Nbd2 a6 8. b4 g4
9. Ne1 h5 10. Bb3 Bg7 11. Nc2 Be6 12. Ne3 Qd7 13. a4 Ne7 14. Ndc4 b6 15. a5 b5
16. Nd2 d5 17. exd5 Nexd5 18. Nxd5 Bxd5 19. Bxd5 Qxd5 20. Nb3 O-O-O 21. Nc5 h4
22. f3 Bf8 23. Bg5 Bxc5+ 24. bxc5 Qxc5+ 25. Kh1 Nh5 26. Bxh4 Nf4 27. Bxd8 g3
28. h3 Kxd8 29. Qe1 Rxh3+ 30. gxh3 g2+ 31. Kh2 gxf1=Q 32. Qxf1 Qxc3 33. Ra2 b4
34. Qd1 b3 35. Rd2 b2 36. Rc2 Qxd3 0-1

[Event "2.BLW 1617 SV Hofheim - SV Mülheim Nord"]
[Site "?"]
[Date "2016.11.20"]
[Round "2.5"]
[White "Rezasade, Amir"]
[Black "Zude, Erik"]
[Result "1-0"]
[WhiteElo "2314"]
[BlackElo "2417"]
[PlyCount "67"]
[EventDate "2016.??.??"]

1. c4 e5 2. Nc3 d6 3. d4 exd4 4. Qxd4 Nc6 5. Qd2 Be6 6. e4 Nf6 7. Be2 a5 8. f4
g6 9. Nf3 Bg7 10. O-O O-O 11. Qe1 Bg4 12. h3 Bxf3 13. Bxf3 Nd4 14. Qf2 c5 15.
Be3 Re8 16. Rfe1 Nxf3+ 17. gxf3 Nh5 18. Nd5 Rb8 19. a4 Qd7 20. Qg2 f5 21. Rad1
Qf7 22. b3 Re6 23. e5 Rbe8 24. exd6 Bd4 25. Kf1 Bxe3 26. Rxe3 Rxe3 27. Nxe3
Nxf4 28. Qd2 b6 29. d7 Rd8 30. Qd6 Ne6 31. Nd5 f4 32. Re1 Nf8 33. Nf6+ Kh8 34.
Re7 1-0

[Event "2.BLW 1617 SV Hofheim - SV Mülheim Nord"]
[Site "?"]
[Date "2016.11.20"]
[Round "2.6"]
[White "Zude, Arno"]
[Black "Nabuurs, Joep"]
[Result "1-0"]
[WhiteElo "2390"]
[BlackElo "2316"]
[PlyCount "139"]
[EventDate "2016.??.??"]

1. e4 c5 2. Nf3 d6 3. d4 cxd4 4. Nxd4 Nf6 5. Nc3 a6 6. h3 e5 7. Nde2 h5 8. g3
Nbd7 9. Bg2 b5 10. Bg5 Be7 11. O-O Bb7 12. a3 Rc8 13. Qd2 Rc4 14. b3 Rc7 15.
Nc1 Qc8 16. N1a2 O-O 17. Rac1 Rd8 18. Rfd1 Nc5 19. Bxf6 Bxf6 20. Nb4 Qe6 21.
Nbd5 Rcc8 22. h4 Rb8 23. Kh2 Bc8 24. b4 Na4 25. Nxa4 bxa4 26. c4 Kh8 27. Rc3
Be7 28. Rd3 Bf8 29. Qg5 Bd7 30. Qxh5+ Kg8 31. Qe2 Rdc8 32. Ne3 a5 33. Qd2 axb4
34. axb4 Qh6 35. b5 Be6 36. Bf1 Qg6 37. Rc3 Qxe4 38. Bg2 Qg6 39. Bd5 Bxd5 40.
Nxd5 Qg4 41. Qc2 Rc5 42. Ra1 Qd4 43. Rxa4 Rbc8 44. Nb6 R8c7 45. Ra8 d5 46. Rd8
g6 47. Rxd5 Rxd5 48. Nxd5 Rc8 49. b6 Bc5 50. Rd3 Qa1 51. b7 Rb8 52. Rb3 Kg7 53.
Kg2 Qa6 54. Rb5 Bd4 55. Qb3 Qe6 56. Qf3 Qc6 57. Ne3 e4 58. Qe2 Rxb7 59. Qd2 Rd7
60. Rd5 Bxe3 61. Qc3+ Kh7 62. Rxd7 Qxd7 63. Qxe3 Qf5 64. c5 Qd5 65. Kh2 Kg8 66.
Qc3 Qc6 67. Qe5 Kf8 68. Qd6+ Qxd6 69. cxd6 Ke8 70. g4 1-0

[Event "2.BLW 1617 SV Hofheim - SV Mülheim Nord"]
[Site "?"]
[Date "2016.11.20"]
[Round "2.7"]
[White "Wittenberg, Andreas"]
[Black "Weber, Ulrich"]
[Result "1/2-1/2"]
[WhiteElo "2208"]
[BlackElo "2366"]
[PlyCount "69"]
[EventDate "2016.??.??"]

1. d4 Nf6 2. Nf3 g6 3. g3 Bg7 4. Bg2 O-O 5. O-O d6 6. b3 c5 7. Bb2 Nbd7 8. c4
a6 9. Nc3 Rb8 10. a4 b6 11. Qd2 Bb7 12. d5 b5 13. axb5 axb5 14. cxb5 Nxd5 15.
Nxd5 Bxb2 16. Nxe7+ Qxe7 17. Qxb2 Bxf3 18. Bxf3 Rxb5 19. Ra7 Qf6 20. Qxf6 Nxf6
21. Ra6 Rd8 22. Rd1 Rxb3 23. Rdxd6 Rxd6 24. Rxd6 Kg7 25. Rc6 Rc3 26. Rc7 g5 27.
h3 h5 28. e3 Rc2 29. Kf1 g4 30. hxg4 Nxg4 31. Be2 Rc1+ 32. Kg2 Rc2 33. Kf1 Rc1+
34. Kg2 Rc2 35. Kf1 1/2-1/2

[Event "2.BLW 1617 SV Hofheim - SV Mülheim Nord"]
[Site "?"]
[Date "2016.11.20"]
[Round "2.8"]
[White "Brendel, Oliver"]
[Black "Bus, Tom"]
[Result "1-0"]
[WhiteElo "2324"]
[BlackElo "2212"]
[PlyCount "79"]
[EventDate "2016.??.??"]

1. c4 c5 2. g3 Nc6 3. Bg2 g6 4. Nf3 Bg7 5. Nc3 d6 6. O-O e6 7. d3 Nge7 8. Bg5
h6 9. Bd2 b6 10. a3 Bb7 11. Rb1 Qd7 12. b4 O-O 13. b5 Ne5 14. Nxe5 dxe5 15. a4
Kh7 16. f3 Nf5 17. Qc1 Nd4 18. a5 Rad8 19. Rf2 Nxe2+ 20. Nxe2 Qxd3 21. a6 Ba8
22. Be3 Rd7 23. Bf1 Rfd8 24. Nc3 Qd6 25. Rd2 Qe7 26. Rxd7 Rxd7 27. Be2 f5 28.
Qc2 Qf6 29. Rd1 Rxd1+ 30. Nxd1 e4 31. f4 g5 32. Qd2 gxf4 33. gxf4 e5 34. fxe5
Qg6+ 35. Kf1 Bxe5 36. Qd7+ Bg7 37. Nf2 Qf6 38. Nh3 Qa1+ 39. Kf2 Qe5 40. Nf4 1-0